GAA Football All-Ireland Winners - Statistics

General Stats
  • This quiz has been taken 3,341 times
  • The average score is 11 of 19
Answer Stats
Hint Answer % Correct
26 wins latest 2016 Dublin
98%
37 wins latest 2014 Kerry
98%
9 wins latest 2001 Galway
80%
7 wins latest 2010 Cork
78%
2 wins latest 2012 Donegal
69%
7 wins latest 1999 Meath
68%
3 wins latest 2008 Tyrone
68%
1 win latest 2002 Armagh
64%
3 wins latest 1951 Mayo
61%
1 win latest 1993 Derry
57%
5 wins latest 1994 Down
57%
5 wins latest 1952 Cavan
51%
5 wins latest 1918 Wexford
44%
3 wins latest 1982 Offaly
43%
4 wins latest 1928 Kildare
42%
4 wins latest 1920 Tipperary
40%
2 wins latest 1896 Limerick
39%
3 wins latest 1957 Louth
37%
2 wins latest 1944 Roscommon
35%
No matching quizzes found
Score Distribution
Percent of People with Each Score
Percentile by Number Answered
Your Score History
You have not taken this quiz